| 000 | 01217nam a22002175i 4500 | ||
|---|---|---|---|
| 001 | 172783 | ||
| 003 | ES-MaACL | ||
| 005 | 20250831061532.0 | ||
| 008 | 090908s1932 sp |||| | spa d | ||
| 110 | 1 |
_aEspaña _93622 |
|
| 245 | 1 | 0 |
_aTratado de extradición firmado en Londres el 4 de junio de 1878 entre España y la Gran Bretaña _b: declaraciones firmadas en Madrid el 29 de mayo de 1888 y 19 de febrero de 1889, modificando el texto del tratado, y acuerdos mediante canjes de notas de 26 de julio y 29 de agosto de 1910, 3 de diciembre de 1927 y 13 de febrero de 1928, y 5 de febrero y 23 de marzo de 1932 haciendo extensivo el tratado de extradición a los protectorados británicos que se mencionan. |
| 260 |
_aMadrid : _b[s.n.], _c1932 ( _fImpr. del Ministerio de Estado) |
||
| 300 |
_a41 p. ; _c24 cm. |
||
| 490 | 1 |
_aPublicaciones del Ministerio de Estado. Serie A: Acuerdos y Convenios Internacionales. Año 1932 ; _v26 |
|
| 500 | _aLa cubierta sirve de portada. | ||
| 594 | _aTexto en español y inglés. | ||
| 710 | 1 |
_aEspaña. _bMinisterio de Estado. _93866 |
|
| 830 | 0 | 0 |
_aPublicaciones del Ministerio de Estado _v26 _9189119 |
| 852 |
_aES-MaACL _j2299-F-40 |
||
| 999 |
_c172783 _d172783 |
||